000 01440cam a2200385 i 4500
999 _c40114
_d40114
001 40114
003 Mx-PuUPA
005 20240410103810.0
008 140415s2000 000 0 spa d
020 _a970240617X
040 _aMx-PuUPA
_bspa
_cMx-PuUPA
_dMx-PuUPA
_erda
041 1 _aspa
_heng
100 1 _aLinn, Matthew,
_910253
_eautor
240 1 0 _aHealing the purpose of your life.
_lEspañol
245 1 0 _aDescubriendo el propósito de mi vida /
_cMatthew Linn, Sheila Fabricant Linn, Dennis Linn ; traducción Eliane Cazenave ; ilustrador, Francisco Miranda
250 _aPrimera edición
264 4 _aMéxico, D.F. :
_bGrupo Patria Cultural,
_c2004
300 _a95 páginas :
_bilustraciones ;
_c22 cm
336 _atexto
_2rdacontent
_btxt
337 _asin medio
_2rdamedia
_bn
338 _avolumen
_2rdacarrier
_bnc
490 0 _aBiblioteca Hermanos Linn
650 4 _aVida cristiana
650 4 _aMotivación personal
650 4 _aAutores católicos
700 1 _aLinn, Sheila Fabricant,
_eautor
_99945
700 1 _aLinn, Dennis,
_eautor
700 1 _aCazenave, Eliane,
_etraductor
700 1 _aMiranda, Francisco,
_eilustrador
765 1 8 _aLinn, Matthew,
_dWisconsin : Provicial, 1998
_tHealing the purpose of your life.
942 _2ddc
_cLI
_h248.482
_iL735